000
00308nam a2200121Ia 4500
005
20260326235450.0
008
260326s9999||||xx |||||||||||||| ||und||
100
_a
Paz Maroto, José
245
0
_a
Urbanismo y Servicios Urbanos /
_c
José Paz Maroto
300
_a
774 p.
650
_a
DISEÑO URBANO
942
_c
BK
999
_c
7722
_d
7722